000 00605nam a2200217Ia 4500
005 20250326144140.0
008 250326s9999 xx 000 0 und d
020 _a0-19-569079-3
037 _aTextbook
040 _aFMSL
_beng
_cFMSL
041 _aeng
_2eng
084 _aX:5 P7
_qFMSL
100 _aSrinivason T.n
_9749134
245 0 _aPolitical economy of trade fice and development
_cSrinivason T.n; Narayana N.s.s
260 _aNY
_bNY, Oxford University
_c2007
300 _axiv,502
365 _b695
650 _aEconomics
942 _cTB
_hX:5 P7
999 _c1302569
_d1302569